| 000 | 01045nam a22001817a 4500 | ||
|---|---|---|---|
| 999 |
_c61568 _d61568 |
||
| 005 | 20240325164722.0 | ||
| 008 | 240325c2018 ge ||||| |||| 00| 0 geo d | ||
| 022 | _a2449-2922 | ||
| 041 | _ageo | ||
| 245 |
_aარქეოლოგია =Archaeology : _b2018. საქართველოს უნივერსიტეტის სამეცნიერო ჟურნალი / _cსაქართველოს უნივერსიტეტის არქეოლოგიის საერთაშორისო ცენტრი; რედაქტორები : დავით ბერიკაშვილი, ნინო სუარიძე. |
||
| 260 |
_aთბილისი, _b _c2018. |
||
| 300 | _aV. | ||
| 653 | _aარქეოლოგია | ||
| 653 | _aპერიოდიკა | ||
| 700 |
_aბერიკაშვილი, დავით _eრედაქტორი. _921577 |
||
| 700 |
_aსუარიძე, ნინო _eრედაქტორი _921578 |
||
| 942 |
_2udc _cCR |
||